000 00711cam a2200241 a 4500
001 2911059
005 20180208065753.0
008 880816s1989 enka b 001 0 eng
010 _a 88025487
020 _a0198286155 :
_c$49.95 (U.S.)
040 _aDLC
_cDLC
_dDLC
041 _aeng
051 _aHB145
_b.E27 1990
_cReprinted (with revisions) 1990
080 _a339.5 fra
082 0 0 _a339.5 fra
_219
100 _a52
101 _aeco
245 0 4 _aThe Economics of missing markets, information, and games /
_cedited by Frank Hahn.
504 _aBibliography: p. [477]-505.
906 _a7
_bcbc
_corignew
_d1
_eocip
_f19
_gy-gencatlg
942 _2ddc
_cBK
999 _c42133
_d42133